| 000 | 00976nas a2200325 4500 | ||
|---|---|---|---|
| 001 | BR2015005858 | ||
| 003 | BR-BrBNA | ||
| 005 | 20231205125816.0 | ||
| 007 | ta | ||
| 008 | 230509b bl.|||p| |||| 00| 00por d | ||
| 040 |
_aBR-BrBNA _bpor _cBiblioteca Nacional de Agricultura |
||
| 041 | _a(Pt) | ||
| 072 | _aU40 | ||
| 100 | 1 | _aSoares, J.C.W. | |
| 100 | 1 | _aReinert, D.J. | |
| 100 | 1 | _aReichert, J.M. | |
| 100 | 1 | _aKaiser, D.R. | |
| 100 | 1 | _aMinella, J.P.G. | |
| 100 | 1 | _aGonçalves, A.D.M. de A. | |
| 100 | 1 | _aSilva, T.A. | |
| 100 | 1 | _aAlmeida Netto, T. | |
| 100 | 1 | _aBressan, V.C. | |
| 245 | 1 | _aRelação solo/paisagem e sua variação temporal em uma estação experimental de silvicultura | |
| 650 | _aSENSORIAMENTO REMOTO | ||
| 650 | _aSOLO | ||
| 650 | _aVEGETAÇÃO | ||
| 773 | 0 |
_tCiência Florestal (Brazil) _xISSN 0103-9954 _g(Apr-Jun 2015), v. 25(2) p. 477-489 _wBR2015005858 |
|
| 909 |
_a202311 _bLúcia _c55 _dLúcia Elande |
||
| 942 |
_2AGRIS _n0 _cANA |
||
| 999 |
_c246260 _d246260 |
||